000 00290nam a22001337a 4500
008 180226b xxu||||| |||| 00| 0 eng d
020 _a0935989900
041 _aeng
080 _a37
100 _a25
101 _aEDU
245 _aMore than the ABCs
_cSchickedanz,J.A
942 _2udc
_cBK
999 _c43482
_d43482